[Event "NAYCC U10 w"]
[Site "Toronto CAN"]
[Date "2013.08.18"]
[Round "9"]
[White "Kathirkamar, Janani"]
[Black "Male-Pathiranage, Thisandi"]
[Result "1-0"]
[WhiteElo "973"]
[BlackElo "924"]
[PlyCount "45"]
[GameId "2160767909267229"]
[EventDate "2013.08.14"]
[EventType "swiss"]
[EventRounds "9"]
[EventCountry "CAN"]
[SourceTitle "hb 2013"]

1. e4 e5 2. Nf3 Nc6 3. Nc3 Nf6 4. Bb5 Nb4 5. O-O Bc5 6. Nxe5 O-O 7. a3 d6 8. axb4 Bg4 9. Nxg4 Bxb4 10. d3 Qe7 11. Bg5 Qe6 12. Bc4 d5 13. exd5 Qf5 14. Nxf6+ Kh8 15. Nfe4 Bxc3 16. bxc3 h6 17. Be3 Qe5 18. Bd4 Qf4 19. Qh5 b5 20. g3 bxc4 21. gxf4 cxd3 22. Qxh6+ Kg8 23. Qxg7# 1-0

[Event "NAYCC U10 w"]
[Site "Toronto CAN"]
[Date "2013.08.18"]
[Round "9"]
[White "Rajsic, Charlotte"]
[Black "Chertkow, Sasha"]
[Result "0-1"]
[WhiteElo "761"]
[BlackElo "956"]
[PlyCount "54"]
[GameId "2160767909267230"]
[EventDate "2013.08.14"]
[EventType "swiss"]
[EventRounds "9"]
[EventCountry "CAN"]
[SourceTitle "hb 2013"]

1. Nf3 d5 2. g3 Nf6 3. Bg2 Nc6 4. O-O e5 5. d3 Be6 6. b3 Bd6 7. Bg5 Qe7 8. c4 O-O-O 9. Nc3 dxc4 10. dxc4 h6 11. Bd2 Qd7 12. Qc2 Bh3 13. Rad1 Bxg2 14. Kxg2 g5 15. Kg1 Qh3 16. Rfe1 Ng4 17. e3 Nb4 18. Qb2 Nd3 19. Qc2 Nxe1 20. Rxe1 Bb4 21. Qf5+ Kb8 22. Rd1 Bxc3 23. Qxf7 Rhf8 24. Qe6 Rxf3 25. Be1 Qxh2+ 26. Kf1 Rxf2+ 27. Bxf2 Qxf2# 0-1

[Event "NAYCC U10 w"]
[Site "Toronto CAN"]
[Date "2013.08.18"]
[Round "9"]
[White "Salazar Gould, Melannie"]
[Black "Zhang, Taylor"]
[Result "1-0"]
[WhiteElo "1600"]
[BlackElo "1387"]
[PlyCount "113"]
[GameId "2160767909267231"]
[EventDate "2013.08.14"]
[EventType "swiss"]
[EventRounds "9"]
[EventCountry "CAN"]
[SourceTitle "EXT 2022"]
[Source "ChessBase"]
[SourceDate "2021.10.06"]
[SourceVersion "1"]
[SourceVersionDate "2021.10.06"]
[SourceQuality "1"]

1. e4 e6 2. d4 d5 3. e5 c5 4. c3 Nc6 5. Nf3 Qb6 6. Bd3 Bd7 7. O-O cxd4 8. cxd4 Nxd4 9. Nxd4 Qxd4 10. Qe2 Qb6 11. Nc3 a6 12. Bf4 Ne7 13. Rac1 Nf5 14. Bxf5 exf5 15. Nxd5 Bb5 16. Nxb6 Bxe2 17. Nxa8 Bxf1 18. Kxf1 h5 19. Nc7+ Kd7 20. Nd5 b5 21. Be3 Ke6 22. Nc7+ Kxe5 23. Nxa6 f6 24. Bc5 g5 25. Bxf8 Rxf8 26. Rc5+ Kd6 27. Rxf5 b4 28. Nxb4 Ke6 29. Rb5 Rd8 30. Ke2 Rd4 31. a4 Rd7 32. a5 Ra7 33. Nc6 Rc7 34. Rb6 Kd7 35. Nd4 Ra7 36. a6 Kc8 37. Rxf6 g4 38. Nb5 Re7+ 39. Kd3 Rd7+ 40. Rd6 Re7 41. Rc6+ Kd8 42. a7 Rd7+ 43. Rd6 Rxd6+ 44. Nxd6 Kd7 45. a8=Q Kxd6 46. Qe8 h4 47. Ke4 g3 48. fxg3 hxg3 49. hxg3 Kc5 50. Qd7 Kb6 51. Qc8 Kb5 52. Qc7 Kb4 53. Qc6 Ka5 54. Qb7 Ka4 55. Kd4 Ka5 56. Kc5 Ka4 57. Qb4# 1-0

[Event "NAYCC U10 w"]
[Site "Toronto CAN"]
[Date "2013.08.18"]
[Round "9"]
[White "Vittal, Sanjana"]
[Black "Tsypin, Allison"]
[Result "1-0"]
[WhiteElo "1511"]
[BlackElo "1139"]
[PlyCount "69"]
[GameId "2160767909267232"]
[EventDate "2013.08.14"]
[EventType "swiss"]
[EventRounds "9"]
[EventCountry "CAN"]
[SourceTitle "hb 2013"]

1. e4 c5 2. Nf3 d6 3. d4 cxd4 4. Nxd4 Nf6 5. Nc3 g6 6. Be3 Bg7 7. Be2 O-O 8. O-O Nc6 9. f4 Bd7 10. h3 a6 11. a4 a5 12. Qd2 b6 13. Bf3 Rc8 14. Nxc6 Bxc6 15. f5 Bd7 16. Bh6 Qc7 17. Bxg7 Kxg7 18. Rf2 Bc6 19. Re1 Rcd8 20. Bd1 e6 21. Rf4 d5 22. e5 Nd7 23. f6+ Kg8 24. Rh4 Qxe5 25. Rxe5 Nxf6 26. Qh6 Rd6 27. Re1 d4 28. Nb5 Bxb5 29. axb5 Rfd8 30. Rf1 e5 31. Qg5 Nd5 32. Qxe5 Ne3 33. Rxf7 Kxf7 34. Rxh7+ Kf8 35. Qh8# 1-0

[Event "NAYCC U10 w"]
[Site "Toronto CAN"]
[Date "2013.08.18"]
[Round "9"]
[White "Zhang, Jeannie"]
[Black "Garai, Antara"]
[Result "1/2-1/2"]
[WhiteElo "1468"]
[BlackElo "1523"]
[PlyCount "69"]
[GameId "2160767909267233"]
[EventDate "2013.08.14"]
[EventType "swiss"]
[EventRounds "9"]
[EventCountry "CAN"]
[SourceTitle "hb 2013"]

1. e4 c5 2. Nc3 d6 3. f4 Nc6 4. Nf3 Nf6 5. Bc4 e6 6. d3 Be7 7. O-O O-O 8. Qe1 d5 9. Bb5 a6 10. Bxc6 bxc6 11. Qg3 Re8 12. Ne5 Bd7 13. Kh1 Rb8 14. b3 Qc7 15. Qf2 Bc8 16. h3 Nd7 17. Nxd7 Bxd7 18. g4 f6 19. f5 d4 20. Ne2 e5 21. h4 Rf8 22. Bd2 Bd8 23. Qh2 Qd6 24. Rf3 Kf7 25. Rg1 Bc7 26. g5 Rg8 27. h5 Rh8 28. Qg3 Rhg8 29. Qh4 Be8 30. Rh3 Qf8 31. Qf2 Ke7 32. Rhg3 Kd8 33. gxf6 g6 34. R1g2 Kc8 35. Kg1 1/2-1/2

[Event "NAYCC U10 w"]
[Site "Toronto CAN"]
[Date "2013.08.18"]
[Round "9"]
[White "Zhao, Chenyi"]
[Black "Samadashvili, Martha"]
[Result "1/2-1/2"]
[WhiteElo "1539"]
[BlackElo "1651"]
[PlyCount "69"]
[GameId "2160767909267234"]
[EventDate "2013.08.14"]
[EventType "swiss"]
[EventRounds "9"]
[EventCountry "CAN"]
[SourceTitle "hb 2013"]

1. e4 c5 2. Nf3 Nc6 3. d4 cxd4 4. Nxd4 Nf6 5. Nc3 e5 6. Ndb5 d6 7. Bg5 a6 8. Na3 Be6 9. Bxf6 gxf6 10. Nd5 Rc8 11. c3 f5 12. exf5 Bxf5 13. Qf3 Qg5 14. h4 Qg6 15. g4 Be6 16. Nf6+ Ke7 17. g5 Qf5 18. Nd5+ Kd8 19. Qxf5 Bxf5 20. Nb6 Rb8 21. O-O-O Be6 22. Bc4 Kc7 23. Bxe6 fxe6 24. Nbc4 d5 25. Ne3 Bxa3 26. bxa3 d4 27. cxd4 exd4 28. Nc2 e5 29. f4 exf4 30. Nxd4 Nxd4 31. Rxd4 Rhf8 32. Rf1 f3 33. Rd3 Rf4 34. Rdxf3 Rxh4 35. Rf7+ 1/2-1/2

[Event "NAYCC U12"]
[Site "Toronto CAN"]
[Date "2013.08.14"]
[Round "1"]
[White "Asaria, Danial"]
[Black "D'Alonzo, Jonathan"]
[Result "1-0"]
[WhiteElo "2022"]
[BlackElo "1431"]
[PlyCount "63"]
[GameId "2160767909267235"]
[EventDate "2013.08.14"]
[EventType "swiss"]
[EventRounds "9"]
[EventCountry "CAN"]
[SourceTitle "hb 2013"]

1. e4 c5 2. Nf3 Nc6 3. Bb5 g6 4. O-O Bg7 5. Nc3 a6 6. Bxc6 bxc6 7. e5 f6 8. Re1 Qc7 9. Ne4 fxe5 10. Nxc5 d6 11. Ne4 Bf5 12. d4 Bxe4 13. Rxe4 d5 14. Rh4 Bf6 15. Rh3 e4 16. Ng5 h6 17. Ne6 Qd6 18. Qg4 Kf7 19. Nf4 Bxd4 20. Rg3 g5 21. Qh5+ Kg7 22. h4 Nf6 23. Qg6+ Kf8 24. hxg5 hxg5 25. Qxg5 Ke8 26. Qg6+ Kd8 27. Qf5 Be5 28. Ng6 Bxg3 29. Nxh8 Bxf2+ 30. Qxf2 Kc7 31. Bf4 e5 32. Nf7 1-0

[Event "NAYCC U12"]
[Site "Toronto CAN"]
[Date "2013.08.14"]
[Round "1"]
[White "Balachandran, Henushan"]
[Black "Zhu, Jeffrey Xin Yu"]
[Result "0-1"]
[WhiteElo "958"]
[BlackElo "1574"]
[PlyCount "66"]
[GameId "2160767909267236"]
[EventDate "2013.08.14"]
[EventType "swiss"]
[EventRounds "9"]
[EventCountry "CAN"]
[SourceTitle "EXT 2022"]
[Source "ChessBase"]
[SourceDate "2021.10.06"]
[SourceVersion "1"]
[SourceVersionDate "2021.10.06"]
[SourceQuality "1"]

1. e4 e5 2. Nf3 Nc6 3. Nc3 Bc5 4. Bc4 Nf6 5. O-O O-O 6. d3 d6 7. Bg5 Be6 8. Nd5 Bxd5 9. Bxd5 h6 10. Bh4 Rb8 11. c3 Qe7 12. Rb1 Nd8 13. b4 Bb6 14. a4 a6 15. a5 Ba7 16. d4 exd4 17. Nxd4 c6 18. Bb3 Kh7 19. Nf5 Qxe4 20. Bc2 Qf4 21. g3 Qe5 22. Re1 Qxc3 23. Rb3 Qxb3 24. Bxb3 g5 25. Bxg5 hxg5 26. Nxd6 Kh6 27. Nf5+ Kg6 28. Qg4 Nxg4 29. Ne7+ Kf6 30. h3 Bxf2+ 31. Kh1 Bxe1 32. Nxc6 Nf2+ 33. Kg2 Nxc6 0-1

[Event "NAYCC U12"]
[Site "Toronto CAN"]
[Date "2013.08.14"]
[Round "1"]
[White "Deng, Yi"]
[Black "Kelly, Joey M"]
[Result "0-1"]
[WhiteElo "1244"]
[BlackElo "1936"]
[PlyCount "50"]
[GameId "2160767909267237"]
[EventDate "2013.08.14"]
[EventType "swiss"]
[EventRounds "9"]
[EventCountry "CAN"]
[SourceTitle "hb 2013"]

1. c4 e6 2. Nc3 d5 3. e3 Nf6 4. d4 c6 5. Nf3 Nbd7 6. c5 b6 7. b4 a5 8. bxa5 bxc5 9. Bd2 cxd4 10. exd4 Qxa5 11. Bd3 Bb4 12. Qc2 O-O 13. O-O Ba6 14. Bxa6 Qxa6 15. Bg5 Bxc3 16. Qxc3 Ne4 17. Qe3 c5 18. dxc5 Ndxc5 19. Be7 Rfc8 20. Ng5 Nxg5 21. Qxg5 Ne4 22. Qg4 Qa7 23. Bb4 Rc4 24. a3 Rxb4 25. Qf3 Nd2 0-1

[Event "NAYCC U12"]
[Site "Toronto CAN"]
[Date "2013.08.14"]
[Round "1"]
[White "Doknjas, Joshua"]
[Black "Kishkimbayev, Alisher"]
[Result "1-0"]
[WhiteElo "1856"]
[BlackElo "1201"]
[PlyCount "39"]
[GameId "2160767909267238"]
[EventDate "2013.08.14"]
[EventType "swiss"]
[EventRounds "9"]
[EventCountry "CAN"]
[SourceTitle "hb 2013"]

1. e4 c6 2. d4 d5 3. Nc3 dxe4 4. Nxe4 Bf5 5. Ng3 Bg6 6. Nf3 Nd7 7. h4 h6 8. h5 Bh7 9. Bd3 Bxd3 10. Qxd3 Ngf6 11. Bf4 e6 12. O-O-O Nd5 13. Bd2 Bd6 14. Ne4 Bf4 15. Bxf4 Nxf4 16. Nd6+ Ke7 17. Qa3 Kf6 18. Ne4+ Kf5 19. Nh4+ Kxe4 20. Qf3# 1-0

[Event "NAYCC U12"]
[Site "Toronto CAN"]
[Date "2013.08.14"]
[Round "1"]
[White "Fan, Run Kun"]
[Black "Pierre, Dashwood"]
[Result "1-0"]
[WhiteElo "1568"]
[BlackElo "886"]
[PlyCount "109"]
[GameId "2160767909267239"]
[EventDate "2013.08.14"]
[EventType "swiss"]
[EventRounds "9"]
[EventCountry "CAN"]
[SourceTitle "hb 2013"]

1. e4 e5 2. Nf3 Nc6 3. Bb5 Bc5 4. O-O d6 5. d4 Bg4 6. dxc5 Nf6 7. Bg5 a6 8. Bxc6+ bxc6 9. Nc3 h6 10. Bh4 O-O 11. cxd6 cxd6 12. h3 Bxf3 13. Qxf3 Rb8 14. Bxf6 Qxf6 15. Qxf6 gxf6 16. b3 Kh8 17. Rad1 Rg8 18. Rxd6 Rbc8 19. Rfd1 Rg6 20. Rd7 Rcg8 21. g3 R8g7 22. Rd8+ Rg8 23. Rxg8+ Rxg8 24. Rd6 Rc8 25. Kf1 h5 26. Rxf6 Kg8 27. Rh6 Kg7 28. Rxh5 Kg6 29. Rf5 f6 30. Rf3 Rh8 31. h4 Kh5 32. Rxf6 Rc8 33. Rf5+ Kg6 34. Rxe5 Kf6 35. Rf5+ Ke6 36. f4 Rg8 37. Rg5 Rc8 38. Ke2 Rd8 39. Ke3 Rd7 40. h5 Rd8 41. h6 Rh8 42. Rh5 Kf6 43. g4 Kg6 44. f5+ Kf6 45. g5+ Kf7 46. g6+ Kf8 47. f6 Ke8 48. h7 Kd7 49. e5 Kc7 50. e6 Kd8 51. e7+ Ke8 52. Nd5 cxd5 53. Rxd5 Rf8 54. h8=R Rxh8 55. Rd8# 1-0

[Event "NAYCC U12"]
[Site "Toronto CAN"]
[Date "2013.08.14"]
[Round "1"]
[White "Frutos, Chase"]
[Black "Xiao, Kevin"]
[Result "1-0"]
[WhiteElo "1942"]
[BlackElo "1247"]
[PlyCount "81"]
[GameId "2160767909267240"]
[EventDate "2013.08.14"]
[EventType "swiss"]
[EventRounds "9"]
[EventCountry "CAN"]
[SourceTitle "hb 2013"]

1. e4 c5 2. Nf3 d6 3. d4 cxd4 4. Nxd4 Nf6 5. Nc3 g6 6. Be3 Bg7 7. Be2 O-O 8. O-O Nc6 9. Kh1 d5 10. exd5 Nxd5 11. Nxc6 bxc6 12. Nxd5 cxd5 13. c3 Bf5 14. Qd2 a5 15. Bh6 Rb8 16. Bxg7 Kxg7 17. Bf3 e6 18. b3 Rc8 19. Rac1 Kg8 20. Qd4 Qc7 21. g4 Be4 22. Bxe4 dxe4 23. Qxe4 Rfd8 24. Qe3 Qc6+ 25. Kg1 a4 26. Rc2 axb3 27. axb3 Qd5 28. c4 Qd3 29. Qxd3 Rxd3 30. Rb1 Rd4 31. h3 Rd3 32. Kg2 Rb8 33. b4 Rd4 34. b5 f5 35. gxf5 exf5 36. c5 Rd7 37. c6 Rc7 38. b6 Rcc8 39. c7 Rb7 40. Rd1 Rxb6 41. Rd8+ 1-0

[Event "NAYCC U12"]
[Site "Toronto CAN"]
[Date "2013.08.14"]
[Round "1"]
[White "Hou, Frank Gui"]
[Black "Seela, Anirudh"]
[Result "0-1"]
[WhiteElo "987"]
[BlackElo "1812"]
[PlyCount "102"]
[GameId "2160767909267241"]
[EventDate "2013.08.14"]
[EventType "swiss"]
[EventRounds "9"]
[EventCountry "CAN"]
[SourceTitle "EXT 2022"]
[Source "ChessBase"]
[SourceDate "2021.10.06"]
[SourceVersion "1"]
[SourceVersionDate "2021.10.06"]
[SourceQuality "1"]

1. e4 d5 2. exd5 Qxd5 3. Nc3 Qa5 4. d4 c6 5. Nf3 Nf6 6. Bd3 Bg4 7. h3 Bh5 8. Bd2 Qc7 9. Qe2 e6 10. Ne4 Nbd7 11. Be3 Bg6 12. Nfd2 Be7 13. Ng3 Nd5 14. Nf3 Nxe3 15. Qxe3 Nf6 16. c3 Nd5 17. Qd2 Bxd3 18. Qxd3 Nf4 19. Qf1 O-O-O 20. Ne2 Nd3+ 21. Kd2 Nxb2 22. Qb1 Nc4+ 23. Ke1 Rhe8 24. Qd3 Nb6 25. Qxh7 Bf6 26. Qd3 e5 27. Qc2 exd4 28. cxd4 Bxd4 29. Nfxd4 Rxd4 30. Kf1 Rde4 31. Ng3 R4e6 32. Nf5 Qe5 33. Nd6+ Rxd6 34. Rd1 Rde6 35. Qd2 Nc4 36. Qc1 Nb2 37. Kg1 Nxd1 38. Qxd1 Qe1+ 39. Qxe1 Rxe1+ 40. Kh2 Rxh1+ 41. Kxh1 c5 42. g4 c4 43. Kg2 c3 44. h4 c2 45. h5 c1=Q 46. a4 Re1 47. Kg3 Qc3+ 48. f3 Rg1+ 49. Kh4 Qe1+ 50. Kg5 Qe5+ 51. Kh4 Rh1# 0-1

[Event "NAYCC U12"]
[Site "Toronto CAN"]
[Date "2013.08.14"]
[Round "1"]
[White "Huang, Immanuel"]
[Black "Li, Ben"]
[Result "0-1"]
[WhiteElo "1517"]
[BlackElo "2037"]
[PlyCount "72"]
[GameId "2160767909267242"]
[EventDate "2013.08.14"]
[EventType "swiss"]
[EventRounds "9"]
[EventCountry "CAN"]
[SourceTitle "hb 2013"]

1. e4 c5 2. Nf3 d6 3. d4 cxd4 4. Nxd4 Nf6 5. Nc3 a6 6. Be3 e5 7. Nf3 h6 8. h3 Be6 9. Bd3 Be7 10. Ne2 Nc6 11. c4 O-O 12. O-O Rc8 13. Nc3 Na5 14. b3 b5 15. Nd5 Nxd5 16. cxd5 Bd7 17. g4 h5 18. Nh2 Bg5 19. Qd2 Bxe3 20. Qxe3 Nb7 21. b4 Rc3 22. f3 Qc7 23. Rfc1 Rc8 24. Rd1 Nd8 25. gxh5 f6 26. h6 g6 27. Ng4 Bxg4 28. hxg4 g5 29. h7+ Kxh7 30. Kg2 Nf7 31. f4 gxf4 32. Qh3+ Kg7 33. Rh1 Rh8 34. Qf3 Ng5 35. Qf1 f3+ 36. Kg1 Qb6+ 0-1

[Event "NAYCC U12"]
[Site "Toronto CAN"]
[Date "2013.08.14"]
[Round "1"]
[White "Ju, Terrence"]
[Black "Xu, Jeffrey"]
[Result "0-1"]
[WhiteElo "1388"]
[BlackElo "1976"]
[PlyCount "74"]
[GameId "2160767909267243"]
[EventDate "2013.08.14"]
[EventType "swiss"]
[EventRounds "9"]
[EventCountry "CAN"]
[SourceTitle "hb 2013"]

1. d4 e6 2. c4 Nf6 3. Nc3 Bb4 4. Qb3 c5 5. Bg5 Nc6 6. dxc5 Bxc5 7. e3 h6 8. Bh4 b6 9. Nf3 Bb7 10. Be2 O-O 11. O-O Be7 12. Rfd1 Nh5 13. Bxe7 Qxe7 14. a3 f5 15. Qc2 Rad8 16. b4 d6 17. Rab1 Ba8 18. Na4 Qf7 19. c5 bxc5 20. bxc5 d5 21. Bb5 Qf6 22. Qe2 g6 23. Nd4 Ne7 24. Rdc1 e5 25. Nb3 d4 26. Na5 Rc8 27. c6 Kh7 28. Rc5 Rf7 29. Rbc1 Rc7 30. Qc2 dxe3 31. fxe3 f4 32. Nc3 fxe3 33. Rf1 Qe6 34. Rxf7+ Qxf7 35. Ba6 Bxc6 36. Bb5 Bxb5 37. Rxb5 Rxc3 0-1

[Event "NAYCC U12"]
[Site "Toronto CAN"]
[Date "2013.08.14"]
[Round "1"]
[White "Kobla, Vishal"]
[Black "Liang, Hairan"]
[Result "1/2-1/2"]
[WhiteElo "1752"]
[BlackElo "1073"]
[PlyCount "60"]
[GameId "2160767909267244"]
[EventDate "2013.08.14"]
[EventType "swiss"]
[EventRounds "9"]
[EventCountry "CAN"]
[SourceTitle "hb 2013"]

1. e4 e5 2. Nf3 Nc6 3. Bc4 Bc5 4. c3 Nf6 5. d4 exd4 6. cxd4 Bb4+ 7. Bd2 Bxd2+ 8. Nbxd2 d5 9. exd5 Nxd5 10. Qb3 Nce7 11. O-O O-O 12. Rfe1 c6 13. Rac1 Nb6 14. Bd3 Be6 15. Qc2 h6 16. Ne4 Nbd5 17. a3 b6 18. Ne5 Rc8 19. Qa4 Nf4 20. Bb1 Qc7 21. Qc2 Nfg6 22. b4 f6 23. Nxg6 Nxg6 24. Ng3 Bf7 25. h4 Rfe8 26. h5 Rxe1+ 27. Rxe1 Nf8 28. Nf5 Re8 29. Rxe8 Bxe8 30. Qe2 Bf7 1/2-1/2

[Event "NAYCC U12"]
[Site "Toronto CAN"]
[Date "2013.08.14"]
[Round "1"]
[White "Markarov, Stefan"]
[Black "Chen, Richard"]
[Result "0-1"]
[WhiteElo "1284"]
[BlackElo "1942"]
[PlyCount "76"]
[GameId "2160767909267245"]
[EventDate "2013.08.14"]
[EventType "swiss"]
[EventRounds "9"]
[EventCountry "CAN"]
[SourceTitle "hb 2013"]

1. c4 c5 2. Nc3 Nc6 3. d3 d6 4. Nf3 g6 5. d4 cxd4 6. Nxd4 Bg7 7. Nxc6 bxc6 8. e4 Nf6 9. Be3 Qa5 10. Bd2 Qb6 11. Qc1 Ng4 12. Be3 Nxe3 13. fxe3 Rb8 14. Rb1 Qb4 15. Kd2 O-O 16. a3 Qb6 17. Bd3 Bh6 18. Re1 f5 19. Ke2 fxe4 20. Bxe4 Bg4+ 21. Bf3 Qc5 22. Ne4 Bxf3+ 23. gxf3 Qh5 24. Rf1 Rb3 25. Nc3 Qxh2+ 26. Kd1 Qg2 27. Re1 Qxf3+ 28. Kc2 Rfb8 29. Qd1 Qf2+ 30. Re2 Qf5+ 31. Qd3 Rxb2+ 32. Rxb2 Rxb2+ 33. Kxb2 Qxd3 34. Re1 Bxe3 35. Kb3 Bd2 36. Rd1 Qxc3+ 37. Ka2 Qc2+ 38. Ka1 Bc3# 0-1

[Event "NAYCC U12"]
[Site "Toronto CAN"]
[Date "2013.08.14"]
[Round "1"]
[White "Menon, Vishal"]
[Black "Luo, Ricky"]
[Result "1/2-1/2"]
[WhiteElo "1674"]
[BlackElo "1023"]
[PlyCount "40"]
[GameId "2160767909267246"]
[EventDate "2013.08.14"]
[EventType "swiss"]
[EventRounds "9"]
[EventCountry "CAN"]
[SourceTitle "hb 2013"]

1. e4 e5 2. Nf3 Nc6 3. Bb5 a6 4. Ba4 Nf6 5. O-O Be7 6. Re1 b5 7. Bb3 d6 8. c3 Be6 9. d4 Bxb3 10. Qxb3 O-O 11. d5 Nb8 12. Nbd2 c6 13. Nf1 cxd5 14. exd5 Nbd7 15. Ne3 Nb6 16. h3 Qc7 17. Rb1 a5 18. Ra1 Qc5 19. Nf5 Bd8 20. Be3 Qc7 1/2-1/2

[Event "NAYCC U12"]
[Site "Toronto CAN"]
[Date "2013.08.14"]
[Round "1"]
[White "Mercado, Carlos"]
[Black "Yong, Hoyin"]
[Result "1-0"]
[WhiteElo "1782"]
[BlackElo "1123"]
[PlyCount "35"]
[GameId "2160767909267247"]
[EventDate "2013.08.14"]
[EventType "swiss"]
[EventRounds "9"]
[EventCountry "CAN"]
[SourceTitle "hb 2013"]

1. e4 e5 2. Nc3 Nf6 3. g3 Nc6 4. Bg2 Be7 5. Nge2 O-O 6. O-O d6 7. d3 h6 8. h3 Bd7 9. Be3 Qc8 10. Kh2 Nh7 11. Nd5 Re8 12. Qd2 f5 13. exf5 Bxf5 14. g4 Be6 15. f4 exf4 16. Nexf4 Bxd5 17. Bxd5+ Kh8 18. Ng6# 1-0

[Event "NAYCC U12"]
[Site "Toronto CAN"]
[Date "2013.08.14"]
[Round "1"]
[White "Minzak, Michael"]
[Black "Hemmat, Alexander"]
[Result "0-1"]
[WhiteElo "1051"]
[BlackElo "1688"]
[PlyCount "42"]
[GameId "2160767909267248"]
[EventDate "2013.08.14"]
[EventType "swiss"]
[EventRounds "9"]
[EventCountry "CAN"]
[SourceTitle "hb 2013"]

1. e4 c5 2. Nf3 d6 3. d4 cxd4 4. Nxd4 Nf6 5. Nc3 g6 6. Bg5 Bg7 7. Bd3 Bd7 8. Qd2 O-O 9. f3 Nc6 10. Nxc6 Bxc6 11. g4 Rc8 12. h4 Qd7 13. h5 Qe6 14. hxg6 fxg6 15. b3 Rcd8 16. Bxf6 Qxf6 17. Qh2 Qxc3+ 18. Ke2 h6 19. Rag1 Qf6 20. g5 Qxf3+ 21. Ke1 Bc3+ 0-1

[Event "NAYCC U12"]
[Site "Toronto CAN"]
[Date "2013.08.14"]
[Round "1"]
[White "Solano, Carlos"]
[Black "Liu, Ryan"]
[Result "1-0"]
[WhiteElo "1771"]
[BlackElo "1090"]
[PlyCount "93"]
[GameId "2160767909267249"]
[EventDate "2013.08.14"]
[EventType "swiss"]
[EventRounds "9"]
[EventCountry "CAN"]
[SourceTitle "hb 2013"]

1. e4 d5 2. exd5 Qxd5 3. Nc3 Qa5 4. d4 Nf6 5. Bd3 Nc6 6. Nf3 Bg4 7. Be3 O-O-O 8. Be2 h6 9. O-O Bxf3 10. Bxf3 e5 11. Ne2 exd4 12. Bxc6 bxc6 13. Nxd4 Qb6 14. Qe2 Bc5 15. c3 Rhe8 16. Qc2 Nd5 17. Rfe1 Nb4 18. cxb4 Bxd4 19. Qf5+ Kb8 20. Bxd4 Qxd4 21. Rxe8 Rxe8 22. Qxf7 Re2 23. Qf8+ Kb7 24. Rb1 Qxb2 25. Rf1 Qf6 26. Qxf6 gxf6 27. Ra1 Rb2 28. a3 Re2 29. Kf1 Re6 30. Re1 Rxe1+ 31. Kxe1 Kb6 32. Kd2 Kb5 33. Kc3 a5 34. bxa5 Kxa5 35. Kc4 Ka4 36. Kc5 Kxa3 37. Kxc6 Kb3 38. Kxc7 Kc3 39. Kd6 Kd3 40. Ke6 Ke2 41. Kxf6 Kxf2 42. Kg6 Kxg2 43. h4 Kh3 44. h5 Kg4 45. Kxh6 Kf5 46. Kg7 Kg5 47. h6 1-0

[Event "NAYCC U12"]
[Site "Toronto CAN"]
[Date "2013.08.14"]
[Round "1"]
[White "Sun, Andy"]
[Black "Zhao, Harry"]
[Result "0-1"]
[WhiteElo "1082"]
[BlackElo "1767"]
[PlyCount "36"]
[GameId "2160767909267250"]
[EventDate "2013.08.14"]
[EventType "swiss"]
[EventRounds "9"]
[EventCountry "CAN"]
[SourceTitle "hb 2013"]

1. e4 d5 2. exd5 Qxd5 3. Nc3 Qa5 4. d4 Nf6 5. Bd2 c6 6. Nf3 Bf5 7. Bc4 e6 8. O-O Qc7 9. Re1 Bd6 10. Ne5 O-O 11. g3 a6 12. Bg5 Nbd7 13. Nxd7 Nxd7 14. Ne4 Bxe4 15. Rxe4 h6 16. Qh5 hxg5 17. h4 Nf6 18. Qxg5 Nxe4 0-1

[Event "NAYCC U12"]
[Site "Toronto CAN"]
[Date "2013.08.14"]
[Round "1"]
[White "Sun, Benjamin"]
[Black "Shen, Christopher"]
[Result "0-1"]
[WhiteElo "1414"]
[BlackElo "2018"]
[PlyCount "70"]
[GameId "2160767909267251"]
[EventDate "2013.08.14"]
[EventType "swiss"]
[EventRounds "9"]
[EventCountry "CAN"]
[SourceTitle "EXT 2022"]
[Source "ChessBase"]
[SourceDate "2021.10.06"]
[SourceVersion "1"]
[SourceVersionDate "2021.10.06"]
[SourceQuality "1"]

1. e4 c5 2. Nf3 Nc6 3. d4 cxd4 4. Nxd4 e5 5. Nb5 d6 6. N1c3 a6 7. Na3 b5 8. Nd5 Rb8 9. c3 Nf6 10. Bg5 Be7 11. Bxf6 Bxf6 12. Bd3 Be6 13. Nxf6+ Qxf6 14. Nc2 Ne7 15. Ne3 d5 16. O-O Rd8 17. Qc2 h6 18. Rfd1 d4 19. Nf1 O-O 20. Ng3 Ng6 21. cxd4 Rxd4 22. Ne2 Rdd8 23. Ng3 Nf4 24. Be2 Rc8 25. Qd2 Qg5 26. Bf3 Bg4 27. Bxg4 Qxg4 28. h3 Qg5 29. Qd7 Rc2 30. b3 Ne6 31. Qd3 Rfc8 32. Qe3 Nf4 33. Rdc1 Rxc1+ 34. Rxc1 Rxc1+ 35. Qxc1 Nxh3+ 0-1

[Event "NAYCC U12"]
[Site "Toronto CAN"]
[Date "2013.08.14"]
[Round "1"]
[White "Valkov, Andrey"]
[Black "Corvera Choi, Malik"]
[Result "0-1"]
[WhiteElo "1628"]
[BlackElo "1539"]
[PlyCount "56"]
[GameId "2160767909267252"]
[EventDate "2013.08.14"]
[EventType "swiss"]
[EventRounds "9"]
[EventCountry "CAN"]
[SourceTitle "EXT 2022"]
[Source "ChessBase"]
[SourceDate "2021.10.06"]
[SourceVersion "1"]
[SourceVersionDate "2021.10.06"]
[SourceQuality "1"]

1. e4 c5 2. Nc3 d6 3. d3 Nc6 4. Bf4 e6 5. Nf3 Nge7 6. g3 g6 7. Bg2 Bg7 8. Qe2 O-O 9. O-O d5 10. Qe3 d4 11. Qe2 dxc3 12. bxc3 Bxc3 13. Rab1 Bg7 14. Rb3 Nd4 15. Nxd4 cxd4 16. Bg5 f6 17. Bh4 g5 18. Bxg5 fxg5 19. e5 Ng6 20. Bh3 Nxe5 21. Qh5 Nf3+ 22. Kg2 Qd5 23. Rd1 b6 24. Bg4 Nd2+ 25. Bf3 Nxf3 26. Ra3 Bb7 27. Qg4 Nd2+ 28. Kh3 Qg2# 0-1

[Event "NAYCC U12"]
[Site "Toronto CAN"]
[Date "2013.08.14"]
[Round "1"]
[White "Wan, Kevin"]
[Black "Johnson-Constantin, Mathieu"]
[Result "0-1"]
[WhiteElo "2133"]
[BlackElo "1523"]
[PlyCount "65"]
[GameId "2160767909267253"]
[EventDate "2013.08.14"]
[EventType "swiss"]
[EventRounds "9"]
[EventCountry "CAN"]
[SourceTitle "hb 2013"]

1. e4 c5 2. Nf3 d6 3. d4 cxd4 4. Nxd4 Nf6 5. Nc3 g6 6. Be3 Nc6 7. f3 Bg7 8. Qd2 O-O 9. Bc4 Bd7 10. O-O-O Qa5 11. Kb1 Qb4 12. Bb3 Rac8 13. g4 Ne5 14. g5 Nxf3 15. Qf2 Nxe4 16. Nxe4 Ne5 17. h3 Nc4 18. a3 Qa5 19. Qe2 b5 20. Bxc4 bxc4 21. c3 e5 22. Nxd6 exd4 23. Bxd4 Bf5+ 24. Ka1 Bd3 25. Qg4 Bxd4 26. cxd4 Rb8 27. Ne4 Rb3 28. Rxd3 cxd3 29. Nf6+ Kh8 30. Nd7 Rd8 31. Rf1 Qd5 32. Ne5 Qxd4 33. Nxf7+ 0-1

[Event "NAYCC U12"]
[Site "Toronto CAN"]
[Date "2013.08.14"]
[Round "1"]
[White "Xue, Andrew"]
[Black "Cai, Jason"]
[Result "0-1"]
[WhiteElo "1114"]
[BlackElo "1778"]
[PlyCount "58"]
[GameId "2160767909267254"]
[EventDate "2013.08.14"]
[EventType "swiss"]
[EventRounds "9"]
[EventCountry "CAN"]
[SourceTitle "hb 2013"]

1. e4 c5 2. Nf3 Nc6 3. Bc4 g6 4. Nc3 Bg7 5. O-O e6 6. Re1 Nge7 7. b3 O-O 8. Bb2 a6 9. a4 Rb8 10. Qe2 d5 11. exd5 exd5 12. Bd3 Nf5 13. Ba3 Nb4 14. Bxb4 cxb4 15. Na2 Bxa1 16. Rxa1 Re8 17. Qf1 Qb6 18. Re1 Bd7 19. Ne5 Be6 20. h3 Ng3 21. Ng4 Nxf1 22. Nf6+ Kg7 23. Nxe8+ Rxe8 24. Bxf1 Bd7 25. Be2 Qd4 26. Kf1 Qxd2 27. a5 Bb5 28. Nc1 Qxc2 29. g4 d4 0-1